00802nam a22002177a 450000500170000001000130001702000220003003500130005203700160006504000120008108200130009310000230010624501690012926000360029827000440033430000310037850000190040965000590042865000780048770000190056520170124110112.0 aA-782100 c00.00a8125007288 aA-782100 bCen Lib/Ret aDPLbEN a921bNIC aNicholson, Michael aRaoul Wallenberg :cby Michael Nicholson [and] David Winnerb the Swedish diplomat who saved 100,000 Jews from the Nazi Holocaust before mysteriously disappearing / aHyderabadbOrient Longmanc1995 bHyderabada3-6-272 Himayatnagare500029 a64p. :c20cm(Hb)bcol.ill. aIncludes index aWallenberg, Raoul, -- 1912-1947 -- Juvenile literature aWorld War, 1939-1945 -- Civilian relief -- Hungary -- Juvenile literature aWinner, David